Normal view
MARC view
Entry Topical Term
001 - CONTROL NUMBER
- control field: 31785
003 - CONTROL NUMBER IDENTIFIER
- control field: OSt
005 - DATE AND TIME OF LATEST TRANSACTION
- control field: 20160113132400.0
008 - FIXED-LENGTH DATA ELEMENTS
- fixed length control field: 160113|| aca||aabn | a|a d
040 ## - CATALOGING SOURCE
- Original cataloging agency: OSt
- Transcribing agency: OSt
150 ## - HEADING--TOPICAL TERM
- Topical term or geographic name entry element: History
670 ## - SOURCE DATA FOUND
- Source citation: Work cat.: (OSt)36237: Draper, John William 31784, A History of the Intellectual Development of Europe, 1910









